| 000 | 00548nam a2200181 i 4500 | ||
|---|---|---|---|
| 001 | bg | ||
| 245 | 0 |
_aSpawalnictwo : _bsłownik techniczny angielsko-niemiecko-francusko-rosyjsko-polsko-słowacki / _cpod red. Zentralinstitut für Schweisstechnik der DDR. |
|
| 260 |
_aBerlin ; _aWarszawa, _c1974. |
||
| 300 |
_a762 s. ; _c25 cm. |
||
| 650 | 9 | _aSpawalnictwo | |
| 650 | 9 | _aSłownik wielojęzyczny | |
| 655 | _aSłowniki | ||
| 040 | _cBPK | ||
| 041 | _apol | ||
| 080 | _a621.791/.795 | ||
| 942 | _cKS | ||
| 008 | s pl f |000 0 pol | ||
| 999 |
_c15964 _d15964 |
||
| 856 |
_uhttp://koha.tu.koszalin.pl/cgi-bin/koha/opac-detail.pl?biblionumber=15964 _yKatalog online BPK |
||